000
00299nam a2200109Ia 4500
008
200302s9999 xx 000 0 und d
100
_a
Miyoung Pyo
245
_a
Construction and Design Manual Architectural and Program Diagrams 2
260
_b
Dom Publishing Co.,
260
_c
2013
300
_a
415 P.,
999
_c
3166
_d
3166